Biblioteca

Mission statements: (Registro nro. 70697)

Detalles MARC
000 -LÍDER
Campo fijo de descripción fija 01134nab a2200253 i 4500
001 - NÚMERO DE CONTROL
Campo de control 768714001
003 - IDENTIFICADOR DEL NÚMERO DE CONTROL
Campo de control CO-MdFUSB
005 - FECHA Y HORA DE LA ULTIMA TRANSACCIÓN
control field 20240801131511.0
008 - ELEMENTOS DE LONGITUD FIJA -- INFORMACIÓN GENERAL
Campo fijo de descripción fija -- Información general 240801t1992 -us||||| |||| 00| 0 eng d
040 ## - FUENTE DE CATALOGACIÓN
Idioma de catalogación spa
Agencia que realiza la transcripción CO-MdFUSB
Agencia que realiza la modificación CO-MdFUSB
041 ## - CÓDIGO DE IDIOMA
Código de idioma para texto/pista de sonido o título separado eng
100 ## - ASIENTO PRINCIPAL--NOMBRE PERSONAL
Nombre personal Bevans, Stephen B.,
Fechas asociadas con el nombre 1944-
Término relacionador autor
245 1# - TÍTULO
Título Mission statements:
Subtitulo how they are developed and what they tell us
Mención de responsabilidad / Stephen B. Bevans, James A. Scherer
520 ## - NOTA DE RESUMEN, ETC.
Nota de sumario, etc. En este artículo, Bevans, SVD, y James A. Scherer presentan una colección de declaraciones de misión producidas por iglesias y organismos asociativos para brindar orientación y desafío a la comunidad cristiana.<br/>
546 ## - NOTA DE IDIOMA
Nota de idioma Texto en inglés.
650 #0 - ASIENTO SECUNDARIO DE MATERIA - TERMINO TEMÁTICO
Término temático o nombre geográfico como elemento de entrada Misiones
9 (RLIN) 154
650 #0 - ASIENTO SECUNDARIO DE MATERIA - TERMINO TEMÁTICO
Término temático o nombre geográfico como elemento de entrada Comunicación (Teología)
9 (RLIN) 1244
650 #7 - ASIENTO SECUNDARIO DE MATERIA - TERMINO TEMÁTICO
Término temático o nombre geográfico como elemento de entrada Teología pastoral
9 (RLIN) 227
650 #7 - ASIENTO SECUNDARIO DE MATERIA - TERMINO TEMÁTICO
Término temático o nombre geográfico como elemento de entrada Iglesia
9 (RLIN) 655
700 ## - ENTR. SECUNDARIA - Nombre Personal (R)
Nombre de persona Scherer, James A.,
Término indicativo de función autor
773 0# - ASIENTO DE ITEM FUENTE
Biblionumber 49483
Itemnumber 82864
Otro identificador del ítem R2728
Título International Bulletinof Missionary Research
Número de control del registro (CO-MdFUSB)768714001
Número Internacional Normalizado para Publicaciones Seriadas (ISSN) 0272-6122
Parte(s) relacionada(s) / Volumen., número. (mes año), páginas Volumen 16, (número 3, 1992), páginas: 98 - 104
Enumeración y primera página página: 98
942 ## - TIPO DE MATERIAL (KOHA)
Tipo de Item KOHA Artículos de Revista
945 ## - INFORMACIÓN LOCAL DEL REGISTRO
Catalogador Catherine Arias Álvarez - Practicante SENA

No hay ítems disponibles.

Biblioteca FUSBC | Teléfono: (57+4) 349 88 10 Ext. 141| WhatsApp (+57) 3005338115 
E-mail: biblioteca@unisbc.edu.co | Calle 76 87-14 Robledo Palenque, Medellín, Colombia

Con tecnología Koha